Christian thought, from Erasmus to Berdyaev.

Bibliographic Details
Main Author: Spinka, Matthew, 1890-1972
Format: Book
Language:English
Published: Englewood Cliffs, N.J. : Prentice-Hall, 1962.
Subjects:

MARC

Tag First Indicator Second Indicator Subfields
LEADER 00000cam a22000001 4500
001 in00000052991
005 20151007080357.0
008 800303s1962 nju b 00000 eng
010 |a  62012270  
035 |a (OCoLC)00919173 
035 |9 AAF4710AM 
040 |a DLC  |c DLC  |d TXA  |d UtOrBLW 
043 |a e------ 
049 |a TXAM  |c [351619] 
050 0 0 |a B821.  |b .S73 
082 0 |a 144 
092 |a 144  |b S757c 
100 1 |a Spinka, Matthew,  |d 1890-1972. 
245 1 0 |a Christian thought, from Erasmus to Berdyaev. 
264 1 |a Englewood Cliffs, N.J. :  |b Prentice-Hall,  |c 1962. 
300 |a 246 pages ;  |c 22 cm. 
336 |a text  |b txt  |2 rdacontent 
337 |a unmediated  |b n  |2 rdamedia 
338 |a volume  |b nc  |2 rdacarrier 
504 |a Includes bibliography. 
650 0 |a Humanism. 
650 0 |a Religious thought  |y Modern period, 1500- 
999 |a MARS 
999 f f |s 2df8b5f2-d3d4-3cf9-b11e-8e385bf5133a  |i a5e714b7-cd92-3e1b-b697-87ef6a18bd19  |t 0 
952 f f |p ric  |a Texas A&M University  |b Rellis Campus  |c Joint Library Facility  |d Remote Storage  |t 0  |e B821. .S73  |h Library of Congress classification  |i unmediated -- volume  |m A14800518741 
998 f f |a B821. .S73  |t 0  |l Remote Storage